| 000 | 00979nam a2200253Ia 4500 | ||
|---|---|---|---|
| 003 | OSt | ||
| 005 | 20220927105439.0 | ||
| 006 | a|||||r|||| 00| 0 | ||
| 007 | ta | ||
| 008 | 220926b |||||||| |||| 00| 0 eng d | ||
| 024 | _a175192 | ||
| 037 | _cReference Collections | ||
| 040 |
_aRTL _cRTL _beng |
||
| 041 |
_2eng _aeng |
||
| 082 | _a"X9(M7):531.2.N35t, G6" | ||
| 110 |
_a"INDIA, TARIFF (Board)." _9372634 |
||
| 245 | 0 |
_aReport _bEnquiry regarding the level of duties necessary to afford adeauate protection to the Indian cotton textile industry against import from the UK of cotton piecegoods and yarns artificial silk fabrics and mixed fabrics of cotton and artificial silk. |
|
| 260 |
_aDelhi _bManager of Publications _c1936 |
||
| 300 |
_a"iv, 135p." _ccm. |
||
| 500 | _aAppendix:115-135p. | ||
| 700 |
_a"INDIA, TARIFF (Board)." _9372635 |
||
| 942 |
_h"X9(M7):531.2.N35t, G6" _cCC |
||
| 999 |
_c692634 _d692634 |
||